000 01082nam a2200265 a 4500
001 000023283
005 20241009100000.0
008 101201s1977 mx a r 000 0 spa d
040 _aDO-SdBNP
_bspa
_cBNPHU
041 1 7 _aspa
_hfre
_2Código de idiomas MARC
082 _a338.88
_bM435m
100 1 _aMattelart, Armand,
_d1936-
_933675
240 1 0 _aMultinationales et systèmes de communication.
_lEspañol.
245 1 0 _aMultinacionales y sistemas de comunicación :
_blos aparatos ideológicos del imperialismo /
_cArmand Mattelart ; traducción de Tununa Mercado.
260 _aMéxico :
_bSiglo Veintiuno,
_c1977.
300 _a343 p. :
_bil. ;
_c22 cm.
490 1 _aSociología y política
504 _aIncluye referencias bibliográficas y notas al pie de las páginas.
534 _pTítulo original en francés:
_tMultinationales et systèmes de communication.
_cAnthropos, 1976
650 0 _aEmpresas internacionales
_947948
650 0 _aComunicación
_9378
700 1 _aMercado, Tununa,
_etr.
_947949
830 0 _aSociología y política
_917789
049 _aBNGR
999 _c22780
_d22780